000
00324nam a2200133Ia 4500
008
191201s2012 xx 000 0 und d
082
_a
005.3
_b
BUM
100
_a
BUSBY, Michael
245
0
_a
Learn microsoft office 2000
250
_a
Rep
260
_c
2012
_b
BPB Publication
_a
NEW DELHI
300
_a
637
942
_2
ddc
_c
BK
_0
7
999
_c
7796
_d
7796